00951nam a2200253 i 4500003001000000005001700010007000300027008004100030020001800071040003700089041000800126084001000134100002600144245016800170250002200338264006200360300006700422336002700489337003300516338002800549650003000577650006400607650002600671CO-BoRNBP20250116110455.0ta250116s2024 Uy a|||| |||| 00| 0 spa d a9789974885158 a CO-BoRNBPbspac CO-BoRNBPerda aspa aC JOY aJoyce, Melanieeautor1 aCuentos para 1 añobLos mejores cuentos para niños y niñas de 1 año/cMelanie Joyce; ilustraciones, Gail Yerrill, traducción, Equipo Editorial Latinbooks aPrimera edición 4aMontevideo, Uruguay, bLatinbooks International S.Ac2024 a48 páginas, bilustraciones a color, tapa dura, c20 x 23 cm 2rdacontentatextobtxt 2rdamediaasin mediaciónbn 2rdacarrieravolumenbnc 2LEMBaLiteratura infantil 2LEMBaCuentos infantiles para niños y niñas de 1 año  2LEMBaCuentos en rima